History Quiz

Random History or Country Quiz

Countries of the Dutch Empire Quiz Stats

 Plays Quiz Updated Jul 2, 2018

Challenge
Share
Tweet
Embed
Score 0/51 Timer 12:00
0 Plays Today
Years in Empire Modern Country % Correct
1581-PresentNetherlands
88.9%
1815-1830Belgium
86.2%
1614-1674United States
84.8%
1658-1676France (French Guiana)
83.5%
1806-1963Germany
81.6%
1605-1962Indonesia
80.5%
1652-1805South Africa
77.9%
1674Canada
75.9%
1662-1824India
75.7%
1662-1803China
73.4%
1624-1654Brazil
70%
1609-1853Japan
68.5%
1815-1890Luxembourg
66.9%
1674-1975Suriname
66.7%
17th CenturyAustralia
65.2%
1641-1824Malaysia
63%
1636-1741Vietnam
59.9%
1602-1767Thailand
57.8%
1652-1660Pakistan
56.9%
1638-1802Sri Lanka
55.7%
1616-1814Guyana
55.2%
1620-1667Cambodia
53.1%
17th CenturyVenezuela
52.3%
1608-1679Myanmar
50.6%
1630Colombia
50%
1664-1704Bangladesh
49.4%
Years in Empire Modern Country % Correct
1641-1647Madagascar
48.2%
1612-1740Norway
48.2%
1641-1648Angola
47.4%
1623-1766Iran
47.1%
1598-1872Ghana
45.5%
1705-1755Nigeria
44.9%
1624-1662Taiwan
44.5%
1721-1730Mozambique
44.4%
1643Chile
43.5%
1645-1651Iraq
43.4%
1648-1726Republic of the Congo
41.7%
1631-1638Haiti
41.2%
1731-1760Togo
41.1%
1614-1739Yemen
40.7%
1674Oman
40.4%
17th CenturyTimor-Leste
39.4%
1617-1677Senegal
39%
1675-1736Benin
38%
1628-1677Trinidad and Tobago
36.5%
17th CenturyLiberia
35.4%
1638-1710Mauritius
32.9%
17th CenturyGabon
32.5%
1641-1665Equatorial Guinea
31.4%
1633-1724Mauritania
30.3%
1598-1649São Tomé and Príncipe
26.1%

You're not logged in!

Compare scores with friends on all Sporcle quizzes.
Join for Free
OR
Log In

You Might Also Like...

Show Comments

Extras

Top Quizzes Today


Score Distribution

Your Account Isn't Verified!

In order to create a playlist on Sporcle, you need to verify the email address you used during registration. Go to your Sporcle Settings to finish the process.

Report this User

Report this user for behavior that violates our Community Guidelines.

Details: